00000000cam 2200000zi 4500
0019.958240
003CaOODSP
00520251212113408
006m     o  d f      
007cr |n|||||||||
008251212e20251212onc     obs  f|0| 0 fre d
040 |aCaOODSP|bfre|erda|cCaOODSP
043 |an-cn---
0861 |aCS45-20-0004/2025-3F-PDF
24500|aProfils des entreprises du Canada rural métadonnées et guide à l’usager, 2023.
264 1|a[Ottawa] : |bStatistique Canada = Statistics Canada, |cle 12 décembre 2025.
264 4|c©2025
300 |a1 ressource en ligne (15 pages).
336 |atexte|btxt|2rdacontent/fre
337 |ainformatique|bc|2rdamedia/fre
338 |aressource en ligne|bcr|2rdacarrier/fre
4901 |aStatistiques rurales du Canada
500 |aPublié aussi en anglais sous le titre : Rural Canada business profiles metadata and user guide, 2023.
500 |a« Date de diffusion : le 12 décembre 2025. »
504 |aComprend des références bibliographiques.
520 |a« La base de données des Profils des entreprises du Canada rural (PECR) fournit des données sur le nombre et les principaux indicateurs financiers des PME dans les RRPV et les régions urbaines fonctionnelles du Canada. La base de données PECR suit une méthodologie semblable à celle des Données sur la performance financière (DPF)2 , elle se distingue par l’intégration de la classification des RRPV et des régions urbaines fonctionnelles. La base de données PECR comprend des données à partir de l’année de référence 2017. La base de données PECR constitue un outil analytique polyvalent permettant à un large éventail de parties prenantes, notamment les entreprises, les gouvernements, les universités, les organisations communautaires et le grand public, de réaliser des analyses comparatives et des évaluations. Ce document présente la structure, les sources de données, les méthodes et les concepts de classification utilisés dans la production de la base de données PECR »--Introduction, page 3.
650 6|aEntreprises|zCanada|vStatistiques.
650 6|aEntreprises|zCanada|vBases de données.
650 6|aIndustrie rurale|zCanada|vStatistiques.
650 6|aIndustrie rurale|zCanada|vBases de données.
655 7|aStatistiques|2rvmgf
7102 |aStatistique Canada, |eorganisme de publication.
77508|tRural Canada business profiles metadata and user guide, 2023.|w(CaOODSP)9.958238
830#0|aStatistiques rurales du Canada.|w(CaOODSP)9.944079
85640|qPDF|s275 Ko|uhttps://publications.gc.ca/collections/collection_2025/statcan/45-20-0004/452000042025003-fra.pdf
8564 |qHTML|sS.O.|uhttps://www150.statcan.gc.ca/n1/pub/45-20-0004/452000042025003-fra.htm
986 |a45-20-0004